000 00459nam a22001697a 4500
003 BD-ChCU
005 20251116125103.0
008 251116b bg ||||| |||| 00| 0 ben d
040 _cBD-ChCU
082 _a335.4 SPK
100 _aSpargo , John
_916216
245 _aKarl Marx :
_bHis life and work , new and rev. ed./
_cJohn , Spargo
260 _aNew York :
_bHuebsch ,
_cC 1912
300 _a359p
650 0 _aMarx , Karl.
_916219
942 _2ddc
_cBK
_n0
999 _c109481
_d109481